MAASAI MARA UNIVERSITY

LIBRARY CATALOGUE

Contact Us: +254 020 2685356/7 or 0774 057787

Box: 861-20500, NAROK, KENYA

Email: info@mmarau.ac.ke

A midsummer night's dream : (Record no. 24613)

MARC details
000 -LEADER
fixed length control field 01235nam a22003377a 4500
003 - CONTROL NUMBER IDENTIFIER
control field OSt
005 - DATE AND TIME OF LATEST TRANSACTION
control field 20170518103402.0
008 - FIXED-LENGTH DATA ELEMENTS--GENERAL INFORMATION
fixed length control field 170314b xxu||||| |||| 00| 0 eng d
010 ## - LIBRARY OF CONGRESS CONTROL NUMBER
LC control number 89163981
020 ## - INTERNATIONAL STANDARD BOOK NUMBER
International Standard Book Number 0774712899
020 ## - INTERNATIONAL STANDARD BOOK NUMBER
International Standard Book Number 0774712678 (student's ed.)
040 ## - CATALOGING SOURCE
Original cataloging agency MMU
Transcribing agency MMU
Modifying agency MMU
Language of cataloging eng.
050 00 - LIBRARY OF CONGRESS CALL NUMBER
Classification number PR2827.A2
Item number L35 1988
082 00 - DEWEY DECIMAL CLASSIFICATION NUMBER
Classification number 822.3/3
Edition number 20
100 1# - MAIN ENTRY--PERSONAL NAME
Personal name Shakespeare, William,
Dates associated with a name 1564-1616.
245 12 - TITLE STATEMENT
Title A midsummer night's dream :
Remainder of title teacher's guide /
Statement of responsibility, etc. series editor, Ken Roy ; contributing author, Harriet Law ; notes for A Midsummer night's dream [and edited by] Harriet Law.
260 ## - PUBLICATION, DISTRIBUTION, ETC. (IMPRINT)
Place of publication, distribution, etc. Toronto ;
-- Orlando, Fla. :
Name of publisher, distributor, etc. Harcourt Brace Jovanovich, Canada,
Date of publication, distribution, etc. c1988.
300 ## - PHYSICAL DESCRIPTION
Extent 38, 184 p. :
Other physical details ill. ;
Dimensions 23 cm.
440 #0 - SERIES STATEMENT/ADDED ENTRY--TITLE
Title HBJ Shakespeare
504 ## - BIBLIOGRAPHY, ETC. NOTE
Bibliography, etc Includes bibliographical references.
600 10 - SUBJECT ADDED ENTRY--PERSONAL NAME
Personal name Shakespeare, William,
Dates associated with a name 1564-1616
General subdivision Study and teaching.
650 #0 - SUBJECT ADDED ENTRY--TOPICAL TERM
Topical term or geographic name as entry element Courtship
General subdivision Drama.
651 #0 - SUBJECT ADDED ENTRY--GEOGRAPHIC NAME
Geographic name Athens (Greece)
General subdivision Drama.
655 #7 - INDEX TERM--GENRE/FORM
Genre/form data or focus term Fairy plays.
Source of term lcsh
655 #7 - INDEX TERM--GENRE/FORM
Genre/form data or focus term Comedies.
Source of term gsafd
700 1# - ADDED ENTRY--PERSONAL NAME
Personal name Roy, Kenneth.
700 1# - ADDED ENTRY--PERSONAL NAME
Personal name Law, Harriet,
Dates associated with a name 1931-
906 ## - LOCAL DATA ELEMENT F, LDF (RLIN)
a 7
b cbc
c orignew
d 3
e ncip
f 19
g y-gencatlg
942 ## - ADDED ENTRY ELEMENTS (KOHA)
Source of classification or shelving scheme Library of Congress Classification
Koha item type L
Holdings
Withdrawn status Lost status Source of classification or shelving scheme Damaged status Not for loan Home library Current library Date acquired Source of acquisition Total Checkouts Full call number Barcode Date last seen Price effective from Koha item type
    Library of Congress Classification     Maasai Mara University Library -Main Campus Maasai Mara University Library -Main Campus 03/14/2017 Donation-T4C   PR2827.A2L39 1988 17026658 03/14/2017 03/14/2017 L
© 2016 Maasai Mara University.